000 00512nam a22001697a 4500
005 20240118135201.0
008 240118b |||||||| |||| 00| 0 eng d
041 _aEnglish
082 _a342.7 LAW
100 _lEnglish
245 _aThe Law on Political Parties /
_cedited by M Neuber
250 _aThird Edition
260 _aGermany :
_bINTER NATIONES, Editorial Department,
_c1987
300 _b38 pages ;
_c22 cm.
650 _aLegal practice
_bLaw
942 _cBK
_6ALISON_BN_VRIES
999 _c1246
_d1246